000 01032cam a2200277 4500
999 _c32096
_d32096
001 1244476
003 ARRUPE
005 20170703103912.0
008 730625s1973 onc b 100 0 eng
010 _a 72089574
015 _aC***
040 _aDLC
_cDLC
_dDLC
050 0 0 _aBL21
_b.I65 1972
082 0 0 _a200/.1
111 2 _aInternational Congress of Learned Societies in the Field of Religion,
_cLos Angeles,
_d1972.
_932716
245 1 0 _aReligion and the humanizing of man;
_bplenary addresses.
_cEdited by James M. Robinson.
250 _a2d rev. ed.
260 _a[Waterloo, Ont.]
_bCouncil on the Study of Religion,
_c1973.
300 _aiv, 226 p.
_c23 cm.
500 _aHeld in Los Angeles, Sept. 1-5, 1972.
504 _aIncludes bibliographical references.
650 0 _aReligion
_xCongresses.
_932717
700 1 _aRobinson, James M.
_q(James McConkey),
_d1924,
_eed.
_932718
710 2 _aCouncil on the Study of Religion.
_932719
906 _a7
_bcbc
_corignew
_d2
_eopcn
_f19
_gy-gencatlg
942 _2lcc
_cMONOGRAPH